000 00261nam a2200109Ia 4500
008 200302s9999 xx 000 0 und d
100 _aAuthor
245 _aBasil Ai- Bayati Architect
260 _bAcademy Editions Group Ltd.
260 _c1988
300 _a276 P.,
999 _c2133
_d2133